| 000 | 00356nam a2200145Ia 4500 | ||
|---|---|---|---|
| 003 | OSt | ||
| 005 | 20240311121321.0 | ||
| 008 | 170523s9999 xx 000 0 und d | ||
| 020 | _a978-8190651820 | ||
| 040 | _cIIMT UNIVERSITY MEERUT | ||
| 100 | _aSingh- S.K. | ||
| 245 | 0 | _aEngineering Mechanics | |
| 260 | _aNew Delhi : Vayu Education | ||
| 942 |
_2ddc _c02 |
||
| 999 |
_c11717 _d11717 |
||